000 00312nam a22001457a 4500
008 230912b ||||| |||| 00| 0 eng d
020 _a088318446
041 _aeng
080 _a521
082 _a521CAM
100 _a19
101 _aASTRO
245 _aASTROPHYSICS TODAY
_cCAMERON.W.G.A
942 _2udc
_cBK
999 _c60338
_d60338